Oklahoma all-time passing yards leaders - Statistics

General Stats
  • This quiz has been taken 15 times
  • The average score is 5 of 15
Answer Stats
Yards QB % Correct
12292 Baker Mayfield
75%
3851 Jalen Hurts
75%
4720 Kyler Murray
75%
8403 Sam Bradford
75%
7922 Jason White
50%
16646 Landry Jones
50%
6852 Josh Heupel
25%
3527 Bob Warmack
17%
6828 Dillon Gabriel
17%
4595 Spencer Rattler
17%
3424 Trevor Knight
17%
6142 Cale Gundy
8%
3015 Jack Mildren
8%
4916 Nate Hybl
8%
3095 Paul Thompson
8%
No matching quizzes found
Score Distribution
Percent of People with Each Score
Percentile by Number Answered
Your Score History
You have not taken this quiz